Hrady a zámky Čech, Moravy a Slezska : historie a současnost /

Other Authors: Fiala, Milan, Řezníček, Jaroslav
Language: German
Czech
English
Published: Trutnov : Altair, 1997
Edition: 1. vyd.
Physical Description: 95 s. : barev. il. ; 29 cm
Book
Saved in:
LEADER 01434nam a2200421 a 4500
001 000664269
003 CZ BrMZK
005 20030415070231.0
007 ta
008 030401s1997 xr ab f 000 0 cze d
015 |a cnb000216814 
020 |a 80-902386-0-2  |q (váz.) 
035 |a (OCoLC)39105092 
040 |a ABA001  |b cze  |c BOA001 
041 0 |a cze  |a eng  |a ger 
043 |a e-xr--- 
080 |a (084.12)  |2 MRF 
080 |a 728.81  |2 MRF 
080 |a 728.82  |2 MRF 
080 |a 72:904  |2 MRF 
080 |a (437.3)  |2 MRF 
080 |a (048.8)  |2 MRF 
245 0 0 |a Hrady a zámky Čech, Moravy a Slezska :  |b historie a současnost /  |c [redakčně připravili Jaroslav Řezníček, Milan Fiala] 
250 |a 1. vyd. 
260 |a Trutnov :  |b Altair,  |c 1997 
300 |a 95 s. :  |b barev. il. ;  |c 29 cm 
500 |a Souběžné anglické a německé popisky k fotografiím 
504 |a Obsahuje bibliografii 
650 0 7 |a hrady  |7 ph120854  |z Česko  |2 czenas 
650 0 7 |a zámky  |7 ph127734  |z Česko  |2 czenas 
650 0 7 |a architektonické památky  |7 ph118585  |z Česko  |2 czenas 
655 7 |a přehledy  |7 fd133202  |2 czenas 
655 7 |a fotografické publikace  |7 fd132276  |2 czenas 
700 1 |a Fiala, Milan  |7 jn20001227143  |4 edt 
700 1 |a Řezníček, Jaroslav  |7 jn20001227142  |4 edt 
910 |a BOA001  |b 3-1116.190 
990 |a BK 
996 6 |b 2610185229  |c 3-1116.190  |l MZK  |r Sklad / do 1 hodiny  |n 3  |p p.v.  |w 000664269  |u 000010  |a 1  |e BOA001  |j MZK50  |s P